000 00653nam a2200229Ia 4500
003 OSt
005 20221007075337.0
006 a|||||r|||| 00| 0
007 ta
008 221006b |||||||| |||| 00| 0 eng d
024 _a12,098
037 _cTextual
040 _aFLL
_cFLL
_beng
041 _2eng
_aeng
082 _aV2:230X7:N5, L3
100 _aThavaraj M.J.K. Au.
_9693813
245 0 _aFinancial control and delegation
260 _aNew Delhi
_bIndian institution of public administration India
_c1973
300 _a166p
_ccm.
942 _hV2:230X7:N5, L3
_cTEXL
_2CC
999 _c1155711
_d1155711